000 04884nam a2200397 i 4500
001 194899
003 ES-GrU
005 20250708193621.0
007 ta
008 240321s2023 sp d rb 001 0 spa d
017 _aBI 00815-2023
_bOficina Depósito Legal Bilbao
020 _a9788492937967
035 _a(OCoLC)1429709513
040 _aBUS
_bspa
_dUGR
_erda
_cES-MaACL
080 _a338.1-053.9(460)
100 _aCatalán Piera, Alba
_9236521
_eaut
245 1 0 _aDimensiones económicas de la longevidad :
_bevidencia del caso español /
_cAlba Catalán Piera, Joaquín Maudos Villarroya
250 _aPrimera edición, julio 2023
264 1 _aMadrid :
_bFundación BBVA,
_c2023
264 4 _c ©2023
300 _a300 páginas :
_bgráficos (blanco y negro) ;
_c24 cm
336 _atexto
_btxt
_2rdacontent
337 _asin mediación
_bn
_2rdamedia
338 _avolumen
_bnc
_2rdacarrier
504 _ap. 279-286
520 2 _aEl objetivo de este libro es analizar las dimensiones económicas de la longevidad, aportando evidencia del caso español. En concreto, analiza las características socioeconómicas de los mayores, el gasto privado y público asociado a este colectivo y su impacto económico, los efectos de la longevidad por el lado de la oferta y la importancia del trabajo asociado al cuidado de los mayores, tanto remunerado como no remunerado. El gasto privado que realiza el colectivo analizado (65 y más años) y el gasto público en su favor generan un impacto equivalente al 11,7 % del producto interior bruto (PIB) y el 20,4 % del empleo, lo que da muestras de la importancia de la silver economy. El aumento de la longevidad supone repensar los sistemas de atención a la dependencia y la viabilidad del actual sistema, que se sustenta mayoritariamente de manera informal por los familiares, especialmente por las mujeres. Un cambio de modelo hacia una atención profesional supondría un importante yacimiento de empleo y generación de riqueza, pero cuenta con el reto de cómo repartir la carga de su financiación. Poniendo el foco en el largo plazo, la longevidad puede afectar al crecimiento potencial de la economía. Este efecto se ha explorado por tres vías: a través de la composición de la población según la participación en el proceso de producción (activos e inactivos); a través de su impacto en la productividad; y según la composición del empleo por grupos de edad desde el punto de vista de los sectores y las ocupaciones. Combinando diversas bases de datos de instituciones nacionales e internacionales, la obra contiene análisis de prospectiva que pueden ser de utilidad para la toma de decisiones en el ámbito de las políticas públicas, ofreciendo reflexiones para el público en general que está interesado en conocer los retos que plantea la longevidad en España, en especial para el mantenimiento del estado del bienestar. El aumento de la longevidad supone repensar los sistemas de atención a la dependencia y la viabilidad del actual sistema, que se sustenta mayoritariamente de manera informal por los familiares, especialmente por las mujeres. Un cambio de modelo hacia una atención profesional supondría un importante yacimiento de empleo y generación de riqueza, pero cuenta con el reto de cómo repartir la carga de su financiación. Poniendo el foco en el largo plazo, la longevidad puede afectar al crecimiento potencial de la economía. Este efecto se ha explorado por tres vías: a través de la composición de la población según la participación en el proceso de producción (activos e inactivos); a través de su impacto en la productividad; y según la composición del empleo por grupos de edad desde el punto de vista de los sectores y las ocupaciones. Combinando diversas bases de datos de instituciones nacionales e internacionales, la obra contiene análisis de prospectiva que pueden ser de utilidad para la toma de decisiones en el ámbito de las políticas públicas, ofreciendo reflexiones para el público en general que está interesado en conocer los retos que plantea la longevidad en España, en especial para el mantenimiento del estado del bienestar.
_2[Texto del editor]
650 0 _aLongevidad-
_xAspectos económicos-
_zEspaña
_2EMBUS
_9236522
700 _aMaudos Villarroya, Joaquín,
_d1966-
_eaut
_9236523
852 _aES-MaACL
_cDEPOJ
_jN-9916
_xEncuadernación rústica con solapas
_hDonación: Editorial
_9205836
856 4 2 _uhttps://www.fbbva.es/wp-content/uploads/2023/09/DE_2023_Dimensiones-Economicas-Longevidad_Ivie.pdf
_yVersión digital
942 _cMONOGRAFIA
_n0
999 _c194899
_d194899